Most Populated City in Each County in South Dakota - Statistics

General Stats
  • This quiz has been taken 35 times
  • The average score is 28 of 66
Answer Stats
County City Pop. City % Correct
Pennington 76,184 Rapid City
95%
Lincoln 196,528 Sioux Falls
95%
Minnehaha 196,528 Sioux Falls
95%
Yankton 15,453 Yankton
86%
Brown 28,324 Aberdeen
82%
Davison 15,631 Mitchell
82%
Hughes 14,000 Pierre
82%
Codington 22,722 Watertown
82%
Brookings 23,577 Brookings
77%
Custer 1,949 Custer
77%
Beadle 14,231 Huron
73%
Lawrence 12,358 Spearfish
73%
Meade 7,107 Sturgis
73%
Clay 11,802 Vermillion
64%
Fall River 3,485 Hot Springs
59%
Harding 349 Buffalo
55%
Oglala Lakota 2,984 Pine Ridge
55%
Clark 1,141 Clark
50%
Brule 2,468 Chamberlain
45%
Gregory 1,189 Gregory
45%
Roberts 2,428 Sisseton
45%
Day 1,707 Webster
45%
Tripp 2,852 Winner
45%
Moody 2,354 Flandreau
41%
Stanley 2,162 Fort Pierre
41%
Lake 6,071 Madison
41%
Grant 3,474 Milbank
41%
Walworth 3,179 Mobridge
41%
Kingsbury 1,050 De Smet
36%
Potter 1,117 Gettysburg
36%
Turner 1,208 Parker
36%
Hutchinson 1,544 Parkston
36%
McCook 1,328 Salem
36%
Miner 864 Howard
32%
Jackson 546 Kadoka
32%
Perkins 1,154 Lemmon
32%
Bennett 941 Martin
32%
Hand 1,318 Miller
32%
Jones 456 Murdo
32%
Bon Homme 2,053 Springfield
32%
Charles Mix 1,467 Wagner
32%
Marshall 1,213 Britton
27%
McPherson 810 Eureka
27%
Faulk 829 Faulkton
27%
Buffalo 1,275 Fort Thompson
27%
Edmunds 929 Ipswich
27%
Todd 1,146 Mission
27%
Aurora 778 Plankinton
27%
Hanson 605 Alexandria
23%
Douglas 698 Armour
23%
Deuel 1,192 Clear Lake
23%
Union 2,895 Dakota Dunes
23%
Hamlin 786 Estelline
23%
Hyde 653 Highmore
23%
Haakon 736 Philip
23%
Spink 2,188 Redfield
23%
Jerauld 781 Wessington Springs
23%
Mellette 532 White River
23%
Sanborn 741 Woonsocket
23%
Ziebach 497 Dupree
18%
Corson 563 McLaughlin
18%
Sully 668 Onida
18%
Lyman 971 Lower Brule
14%
Dewey 1,838 North Eagle Butte
14%
Campbell 414 Herreid
9%
Butte 5,699 Bell Fourche
5%
No matching quizzes found
Score Distribution
Percent of People with Each Score
Percentile by Number Answered
Your Score History
You have not taken this quiz